|
|
|
|
| LEADER |
01840cas a2200265 a 4500 |
| 001 |
AALejournalIMF015378 |
| 008 |
230101c9999 xx r poo 0 0eng d |
| 020 |
|
|
|c 5.00 USD
|
| 020 |
|
|
|z 9781513531250
|
| 022 |
|
|
|a 1018-5941
|
| 040 |
|
|
|a BD-DhAAL
|c BD-DhAAL
|
| 100 |
1 |
|
|a Engbom, Niklas.
|
| 245 |
1 |
4 |
|a The German Labor Market Reforms and Post-Unemployment Earnings /
|c Niklas Engbom, Enrica Detragiache, Faezeh Raei.
|
| 264 |
|
1 |
|a Washington, D.C. :
|b International Monetary Fund,
|c 2015.
|
| 300 |
|
|
|a 1 online resource (26 pages)
|
| 490 |
1 |
|
|a IMF Working Papers
|
| 500 |
|
|
|a <strong>Off-Campus Access:</strong> No User ID or Password Required
|
| 500 |
|
|
|a <strong>On-Campus Access:</strong> No User ID or Password Required
|
| 506 |
|
|
|a Electronic access restricted to authorized BRAC University faculty, staff and students
|
| 520 |
3 |
|
|a In 2003-05, Germany undertook extensive labor market reforms which were followed by a large and persistent decline in unemployment. Key elements of the reforms were a drastic cut in benefits for the long-term unemployed and tighter job search and acceptance obligations. Using a large confidential data set from the German social security administration, we find that the reforms were associated with a fall in the earnings of workers returning to work from short-term unemployment relative to workers in long-term employment of about 10 percent. We interpret this as evidence that the reforms strengthened incentives to return to work but, in doing so, they adversely affected post re-entry earnings.
|
| 538 |
|
|
|a Mode of access: Internet
|
| 700 |
1 |
|
|a Detragiache, Enrica.
|
| 700 |
1 |
|
|a Raei, Faezeh.
|
| 830 |
|
0 |
|a IMF Working Papers; Working Paper ;
|v No. 2015/162
|
| 856 |
4 |
0 |
|z Full text available on IMF
|u http://elibrary.imf.org/view/journals/001/2015/162/001.2015.issue-162-en.xml
|z IMF e-Library
|